Výroba vybraných výrobkov v naturálnych merných jednotkách za 3. štvrťrok 1994 PRIEM P 1-12

Gespeichert in:
Bibliographische Detailangaben
Format: Buch
Sprache:Slowakisch
Veröffentlicht: Bratislava Štatistický úrad Slovenskej republiky 1994
Schriftenreihe:Štatistické čísla a grafy
Schlagworte:
Tags: Tag hinzufügen
Keine Tags, Fügen Sie das erste Tag hinzu!

MARC

LEADER 00000nam a2200000 4500
001 c017151
005 20260217135108.1
041 0 |a slo 
044 |a SK 
245 1 0 |a Výroba vybraných výrobkov v naturálnych merných jednotkách za 3. štvrťrok 1994  |b PRIEM P 1-12 
264 1 |a Bratislava  |b Štatistický úrad Slovenskej republiky  |c 1994 
300 |a 8 s. 
490 1 |a Štatistické čísla a grafy 
830 0 |a Štatistické čísla a grafy 
610 2 0 |a Slovensko 
610 2 0 |a jednotky naturálne 
610 2 0 |a výrobky 
610 2 0 |a výroba 
610 2 0 |a priemysel